Inventari dels Pergamins de l'Arxiu Històric Municipal de Calella / a cura de J. M. Pons i Guri i Jesús Rodríguez Blanco
Descripción Física:
535 p. ; 24 cm
Colección:
Textos i Documents, 23
MARC
| LEADER | 00000nam a2200000Ia 4500 | ||
|---|---|---|---|
| 001 | 9085 | ||
| 008 | 160829s1990 xx 000 0 cat d | ||
| 080 | |a A-1-188 | ||
| 100 | 1 | |a Pons i Guri, Josep M. |q (Josep Maria), |d 1909-2005 |9 26875 | |
| 245 | |a Inventari dels Pergamins de l'Arxiu Històric Municipal de Calella / a cura de J. M. Pons i Guri i Jesús Rodríguez Blanco | ||
| 260 | |a Barcelona : |b Fundació Noguera, |c 1990 | ||
| 300 | |a 535 p. ; |c 24 cm | ||
| 490 | |a Textos i Documents, 23 | ||
| 650 | |a Arxiu Històric Municipal de Calella |x Catàlegs |9 34785 | ||
| 650 | |a Manuscrits |x Calella |x Catàlegs |9 34786 | ||
| 700 | |a Rodríguez Blanco, J., ed. |9 34787 | ||
| 700 | |a Fundació Noguera |9 70407 | ||
| 901 | |a Arxiu | ||
| 942 | |n 1 | ||
| 952 | |0 0 |1 0 |4 0 |6 A1188 |7 1 |9 46640 |a Arxiu |b Arxiu |d 2016-12-01 |l 0 |o A-1-188 |p 9085 |r 2016-12-01 00:00:00 |w 2016-12-01 |y ARXIU | ||
| 999 | |c 50433 |d 50433 | ||